Practical Deep Learning For Cloud, Mobile and Edge : (Record no. 591149)
[ view plain ]
| 000 -LEADER | |
|---|---|
| fixed length control field | 00555nam a22001457a 4500 |
| 020 ## - INTERNATIONAL STANDARD BOOK NUMBER | |
| International Standard Book Number | 9781492034865 |
| 040 ## - CATALOGING SOURCE | |
| Transcribing agency | NUST |
| 082 ## - DEWEY DECIMAL CLASSIFICATION NUMBER | |
| Classification number | 006.6 DOU |
| 100 ## - MAIN ENTRY--PERSONAL NAME | |
| Personal name | Koul, Anirudh |
| 9 (RLIN) | 97730 |
| 110 ## - MAIN ENTRY--CORPORATE NAME | |
| Corporate name or jurisdiction name as entry element | Ganju, Siddha. Kasam, Meher |
| 9 (RLIN) | 97731 |
| 245 ## - TITLE STATEMENT | |
| Title | Practical Deep Learning For Cloud, Mobile and Edge : |
| Remainder of title | Real-World AI and Computer-Vision Projects Using Python, Keras, and Tensorflow |
| 260 ## - PUBLICATION, DISTRIBUTION, ETC. | |
| Place of publication, distribution, etc. | Sebastopol: |
| Name of publisher, distributor, etc. | O'Reilly Media, |
| Date of publication, distribution, etc. | 2020. |
| 650 ## - SUBJECT ADDED ENTRY--TOPICAL TERM | |
| Topical term or geographic name entry element | Artificial intelligence. Application software - Development. Python.NUSTTB2022 |
| 9 (RLIN) | 102818 |
| 942 ## - ADDED ENTRY ELEMENTS (KOHA) | |
| Source of classification or shelving scheme | |
| Koha item type | Book |
| Withdrawn status | Lost status | Source of classification or shelving scheme | Damaged status | Not for loan | Permanent Location | Current Location | Shelving location | Date acquired | Total Checkouts | Full call number | Barcode | Date last seen | Price effective from | Koha item type |
|---|---|---|---|---|---|---|---|---|---|---|---|---|---|---|
| College of Electrical & Mechanical Engineering (CEME) | College of Electrical & Mechanical Engineering (CEME) | General Stacks | 08/17/2022 | 006.6 DOU | CEME-50823 | 08/17/2022 | 08/17/2022 | Book | ||||||
| College of Electrical & Mechanical Engineering (CEME) | College of Electrical & Mechanical Engineering (CEME) | General Stacks | 10/11/2022 | 280 SCB | CEME-50823-A | 10/11/2022 | 10/11/2022 | Book |
